Statistiken für Hauptstädte, die Amsterdam am nächsten liegen - einminütiger Sprint

Klicken Sie hier um das Quiz zu spielen!

Allgemein

  • Dieses Quiz wurde 73 mal gespielt
  • Das Durchschnittsergebnis liegt bei 15 aus 20

Antwortstatistiken

kmHauptstadt% Korrekt
173Brüssel
100%
430Paris
98%
578Berlin
97%
358London
97%
319Luxemburg
97%
622Kopenhagen
95%
631Bern
94%
936Wien
92%
914Oslo
85%
1125Stockholm
85%
1098Warschau
82%
713Prag
81%
756Dublin
79%
670Vaduz
65%
979Monaco
55%
1126Andorra la Vella
52%
1091San Marino
34%
987Bratislava
32%
989Ljubljana
29%
1086Zagreb
24%

Verteilung der Resultate

Perzentil nach korrekt beantworteten Fragen

Anzahl Personen mit jedem Resultat

Ihre Resultats-Entwicklung

Sie haben dieses Quiz noch nicht gespielt